000 00682nam a2200265Ia 4500
001 135853
003 227805
005 20240711093406.0
008 ||||||n9999 ||| || ||
082 _a195
100 1 _aBobbio, Norberto,
_d1909-2004
_91075
245 0 _aDe senectute
_by otros escritos biográficos
_cNorberto Bobbio
504 _aIncluye bibliografía e índice
562 _e1
650 _aBOBBIO, NORBERTO, 1909-2004--PENSAMIENTO FILOSOFICO
_9165438
650 _aVEJEZ--FILOSOFIA
_9165439
942 _cBKM
999 _c135853
_d135853
526 _a102620
526 _a105630
526 _a1698
526 _a4969
526 _a19790
526 _a104436
526 _a1703